CAPITALI DEL MONDO - Statistics

Statistiche generali
  • Questo quiz è stato fatto 430 volte
    405 dall'ultimo reset
  • Il punteggio medio è 125 su 236
Statistiche sulle risposte
Hint Risposta % Corretto
Albania Tirana
96%
Algeria Algeri
95%
Andorra Andorra la Vella
93%
Austria Vienna
93%
Argentina Buenos Aires
92%
Australia Canberra
90%
Francia Parigi
90%
Belgio Bruxelles
89%
Italia Roma
89%
Grecia Atene
88%
Brasile Brasilia
88%
Giappone Tokyo
88%
Cina Pechino
87%
Bulgaria Sofia
87%
Germania Berlino
86%
Danimarca Copenaghen
86%
Egitto Il Cairo
86%
Afghanistan Kabul
86%
Corea del Sud Seul
86%
Finlandia Helsinki
85%
Canada Ottawa
85%
Irlanda Dublino
84%
Bielorussia Minsk
84%
Repubblica Ceca Praga
84%
India Nuova Delhi
83%
Norvegia Oslo
83%
Estonia Tallinn
83%
Israele Gerusalemme/Tel Aviv
82%
Regno Unito Londra
82%
Russia Mosca
82%
Bosnia ed Erzegovina Sarajevo
82%
Croazia Zagabria
82%
Paesi Bassi Amsterdam
80%
Colombia Bogotà
80%
Romania Bucarest
80%
Messico Città del Messico
80%
Cipro Nicosia
80%
Lettonia Riga
80%
Arabia Saudita Riyad
80%
Cile Santiago del Cile
80%
Azerbaijan Baku
79%
Bolivia La Paz/Sucre
79%
Cuba L'Avana
79%
Perù Lima
79%
Lussemburgo Lussemburgo
79%
Spagna Madrid
79%
Monaco Monaco
79%
Portogallo Lisbona
78%
El Salvador San Salvador
78%
Polonia Varsavia
78%
Malta La Valletta
77%
Filippine Manila
77%
San Marino Città di San Marino
76%
Emirati Arabi Uniti Abu Dhabi
75%
Iraq Baghdad
75%
Kenya Nairobi
75%
Marocco Rabat
75%
Iran Teheran
75%
Lituania Vilnius
75%
Ecuador Quito
74%
Svezia Stoccolma
74%
Serbia Belgrado
73%
Bangladesh Dacca
73%
Islanda Reykjavik
73%
Georgia Tbilisi
73%
Svizzera Berna
72%
Ungheria Budapest
72%
Vaticano Città del Vaticano
72%
Qatar Doha
72%
Ucraina Kiev
72%
Liechtenstein Vaduz
72%
Armenia Erevan
71%
Indonesia Giacarta
71%
Panama Panama
71%
Singapore Singapore
71%
Tunisia Tunisi
71%
Slovacchia Bratislava
70%
Corea del Nord Pyongyang
70%
Macedonia del Nord Skopje
70%
Nuova Zelanda Wellington
69%
Slovenia Lubiana
68%
Montenegro Podgorica
68%
Repubblica Dominicana Santo Domingo
68%
Libano Beirut
67%
Guatemala Città del Guatemala
67%
Pakistan Islamabad
67%
Libia Tripoli
67%
Giordania Amman
66%
Turchia Ankara
66%
Moldavia Chisinau
66%
Sudafrica Pretoria/Bloemfontein/Città del Capo
66%
Etiopia Addis Abeba
65%
Paraguay Asuncion
65%
Tailandia Bangkok
65%
Venezuela Caracas
65%
Siria Damasco
65%
Gibuti Gibuti
65%
Giamaica | Isola Norfolk Kingston
65%
Costa Rica San Jose
64%
Madagascar Antananarivo
63%
Stati Uniti Washington DC
63%
Senegal Dakar
62%
Uruguay Montevideo
62%
Kazakistan Astana/Nursultan
61%
Guinea-Bissau Bissau
61%
Angola Luanda
61%
Maldive Male
61%
Ghana Accra
60%
Hong Kong Hong Kong
60%
Nepal Kathmandu
60%
Bahamas Nassau
59%
Malesia Kuala-Lumpur
58%
Honduras Tegucigalpa
58%
Irlanda del Nord Belfast
57%
Repubblica democraticadel Congo Kinshasa
55%
Haiti Port-au-prince
55%
Taiwan Taipei
55%
Vietnam Hanoi
54%
São Tomè e Prìncipe São Tomè
54%
Nicaragua Managua
53%
Eritrea Asmara
52%
Repubblica del Congo Brazzaville
52%
Guyana | Isola di Ascensione Georgetown
52%
Isole Cayman George Town
52%
Cambogia Phnom Penh
52%
Mongolia Ulan-Bator
52%
Laos Vientiane
52%
Camerun Yaounde
52%
Oman Mascate
51%
Somalia Mogadiscio
51%
Capo Verde Praia
50%
Seycelles Victoria
50%
Bahrein Manama
49%
Antigua e Barbuda Saint John's
49%
Gabon Libreville
47%
Suriname Paramaribo
47%
Nigeria Abuja
46%
Belize Belmopan
46%
Sierra Leone Freetown
46%
Yemen San'a
46%
Kirghizistan Biskek
45%
Comore Moroni
45%
Dominica Roseau
45%
Barbados Bridgetown
44%
Bhutan Thimphu
44%
Trinidad e Tobago Port of Spain
43%
Uzbekistan Tashkent
43%
Botswana Gaborone
42%
Liberia Monrovia
42%
Figi Suva
42%
Papua Nuova Guinea Port Moresby
41%
Guadalupa Basse-Terre
40%
St. Kittis e Nevis Basseterre
40%
Guinea Conakry
40%
Kuwait Madinat al Kuwait
40%
Benin Porto-Novo
40%
Grenada Saint George's
40%
Timorest Dili
39%
Ciad N'djamena
39%
Niger Niamey
39%
Turkmenistan Ashgabat
38%
Santa Lucia Castries
38%
Burundi Gitega/Bujumbura
38%
Mozambico Maputo
38%
Birmania/Myanmar Naypyidaw
38%
Sri Lanka Sri Jayawardenapura Kotte
38%
Repubblica Centrafricana Bangui
37%
St. Vincent et Grenadine Kingstown
37%
Costa d'Avorio Yamoussoukro
37%
Samoa Apia
36%
Gambia Banjul
36%
Ruanda Kigali
36%
Togo Lomè
36%
Burkina Faso Ouagadougou
36%
Tanzania Dodoma
35%
Zimbabwe Harare
35%
Mauritius Port Louis
35%
Namibia Windhoek
35%
Brunei Bandar seri Begawan
34%
Malawi Lilongwe
34%
Lesotho Maseru
34%
Tagikistan Dusanbe
33%
Sudan Khartum
33%
Guinea equatoriale Malabo
33%
Mali Bamako
32%
Sudan del Sud Giuba
32%
Uganda Kampala
32%
Nauru Yaren
32%
Macao Macao
31%
Groenlandia Nuuk
30%
Micronesia Palikir
30%
Isole Salomone Honiara
29%
Isole Marshall Majuro
29%
Eswatini Mbabane/Lobamba
29%
Vanuatu Port Vila
29%
Zambia Lusaka
28%
Kiribati Baikiri
27%
Mauritania Nouakchott
27%
Porto Rico San Juan
26%
Tuvalu Funafuti
25%
Palau Ngerulmud
24%
Tonga Nuku'alofa
22%
Palestina Gerusalemme Est
21%
Anguilla The Valley
18%
Fær Øer Tòrshavn
16%
Isola di Man Douglas
15%
Aruba Oranjestad
15%
Saint-Pierre e Miquelon Saint-Pierre
15%
Curacao Willemstad
14%
Samoa Americane Pago Pago
13%
Saba The Bottom
12%
Polinesia Francese Papeete
11%
Guyana Francese Caienna
10%
Martinica Fort-de-France
10%
Isole Cook Avarua
8%
Nuova Caledonia Numea
8%
Isole Vergini Britanniche Road Town
8%
Guernsay Saint Peter Port
8%
Isole Vergini Americane Charlotte Amelie
7%
Isola di Natale Flying Fish Cove
7%
Guam Hagåtña
7%
Bonaire Kralendijk
7%
Montserrat Plymouth
7%
Riunione Saint-Denis
7%
Isole Marianne settentrionali Saipan
7%
Niue Alofi
6%
Sant'Elena Jamestown
6%
Isole Åland Mariehamn
6%
Isole Falkland Stanley
6%
Baliato di Jersey Saint Heiler
5%
Turks e Caicos Cockburn Town
4%
Sint Maarten Philipsburg
4%
Tokealu Atafu
2%
Mayotte Mamoudzou
2%
Nessun quiz corrispondente trovato
Distribuzione punteggi
Percentuale di utenti per punteggio
Percentile per numero di risposta
I tuoi punteggi nel tempo
Non hai fatto questo quiz dall'ultimo reset